00725nam a22001817a 4500003000900000005001700009007000300026008004100029020001800070040002700088082000700115110008900122245014900211260009700360300002200457504003100479700003300510DO-SdBNP20230301080354.0ta220609b2018 dr ||||| |||| 00| 0 spa d a9789945913514 aDO-SdBNP bspacBNPHU  42222 aSubsistema Dominicano para el Aseguramiento de la Calidad de la Educación Superior10aSubsistema Dominicano para el Aseguramiento de la Calidad de la Educación Superior (SIDACES /) cequipo técnico ; Saturnino de los Santos S. aSanto Domingo : bMinisterio de Educación Superior Ciencia y Tecnología (MESCYT),c2018. a127 p. ;c24 cm.  aBibliografía : p. 99-1031 aSantos S., Saturnino de los